000 00675nas a2200253 4500
001 BR9200224
003 BR-BrBNA
005 20231205092229.0
007 ta
008 230509b bl.|||p| |||| 00| 00por d
040 _aBR-BrBNA
_bpor
_cBiblioteca Nacional de Agricultura
041 _a(Pt)
072 _aL01
100 1 _aBorges, A.
245 1 _aSUÍNOcultura; com musica e com afeto
650 _aSUÍNO
650 _aCRIACAO
650 _aMANEJO
650 _aSTRESS
650 _aPRODUTIVIDADE
773 0 _tGlobo Rural (Brazil)
_xISSN 0102-6178
_g(Jun 1989), v. 4(44) p. 8-12
_wBR9200224
909 _a202311
_bLúcia
_c55
_dLúcia Elande
942 _2AGRIS
_n0
_cANA
999 _c130252
_d130252